000 00370nam a2200145Ia 4500
008 230711s9999||||xx |||||||||||||| ||und||
041 _aENG
082 _a720
_bJO-S
100 _aJohnson Timothy E
245 0 _aSolar Architecture ,the direct
250 _a1st Ed.
260 _c1981
_aNew York
_bTata McGraw Hill Education Limited
650 _aArchitecture
942 _cBK
999 _c316
_d316